Algebres d'observables associees aux relations de commutation

Αποθηκεύτηκε σε:
Λεπτομέρειες βιβλιογραφικής εγγραφής
Κύριος συγγραφέας: Guichardet, A. (Alain)
Μορφή: Βιβλίο
Γλώσσα:French
Δημοσίευση: Paris, Librairie Armand Colin, c1968.
Σειρά:Collection Intersciences
Θέματα:
Ετικέτες: Προσθήκη ετικέτας
Δεν υπάρχουν, Καταχωρήστε ετικέτα πρώτοι!

MARC

LEADER 00000nam a2200000 a 4500
001 1/127213
008 230906t1968####fr | ||| |||| ||fre||
040 |a GR-MyUa  |b gre  |c GR-MyUa  |e AACR2 
041 0 |a fre 
082 7 |a 512.55  |2 (23) 
100 1 |a Guichardet, A.   |q (Alain) 
245 1 0 |a Algebres d'observables associees aux relations de commutation /   |c A. Guichardet.  
260 |a Paris,   |b Librairie Armand Colin,   |c c1968.  
300 |a 68, [1] σ. ;   |c 21 εκ.  
490 1 |a (Collection Intersciences)  
504 |a Βιβλιογραφία: σ. 65-66.  
650 0 |a Banach algebras. 
650 0 |a Quantum field theory. 
830 0 |a Collection Intersciences 
852 |a INST  |b SAMOS  |e 20230905  |h 512.55 GUI  |p 005300047792  |q 005300047792  |t BK  |y 0 
970 |a Φιλιππή  |b Φάλη  |z 06-09-2023